[Event "Oberliga Wuerttemberg 1516"]
[Site "Wuerttemberg"]
[Date "2016.01.17"]
[Round "5.3"]
[White "Mueller, Ralf1111"]
[Black "Riefner, Edwin"]
[Result "1-0"]
[WhiteElo "2310"]
[BlackElo "2243"]
[PlyCount "61"]
[EventDate "2015.09.20"]
[EventType "team-tourn"]
[EventRounds "9"]
[EventCountry "GER"]
[SourceTitle "EXT 2019"]
[Source "ChessBase"]
[SourceDate "2018.10.10"]
[SourceVersion "1"]
[SourceVersionDate "2018.10.10"]
[SourceQuality "1"]
[WhiteTeam "Erdmannhausen"]
[BlackTeam "Sontheim/Brenz"]
[WhiteTeamCountry "GER"]
[BlackTeamCountry "GER"]

1. d4 Nf6 2. Nf3 g6 3. c4 Bg7 4. Nc3 d5 5. Bf4 c6 6. e3 0-0 7. Rc1 Qa5 8. Nd2 Bf5 9. Be2 Nbd7 10. 0-0 Rac8 11. Qb3 Qb6 12. Qa3 c5 13. Nxd5 Nxd5 14. cxd5 cxd4 15. e4 d3 16. Qxd3 Qb4 17. a3 Qxb2 18. Nc4 Nc5 19. Nxb2 Nxd3 20. Bxd3 Bxb2 21. Rb1 Bxa3 22. exf5 b6 23. f6 Rfd8 24. Ba6 Rc2 25. fxe7 Bxe7 26. Bb7 Bc5 27. Bc6 Rc4 28. Bg5 Rb8 29. Rfc1 Rxc1+ 30. Rxc1 Kg7 31. Bf4 1-0

[Event "BL2-Sued 1011"]
[Site "Germany"]
[Date "2010.11.14"]
[Round "3.3"]
[White "Riefner, Edwin"]
[Black "Strohhaeker, Raoul"]
[Result "0-1"]
[WhiteElo "2233"]
[BlackElo "2444"]
[PlyCount "36"]
[EventDate "2010.10.10"]
[EventType "team-tourn"]
[EventRounds "9"]
[EventCountry "GER"]
[SourceTitle "EXT 2012"]
[Source "ChessBase"]
[SourceDate "2011.11.24"]
[SourceVersion "1"]
[SourceVersionDate "2011.11.24"]
[SourceQuality "1"]
[WhiteTeam "Krumbach"]
[BlackTeam "Baden-Baden 1922 II"]
[WhiteTeamCountry "GER"]
[BlackTeamCountry "GER"]

1. e4 c5 2. b3 Nf6 3. e5 Nd5 4. Bb2 g6 5. Bc4 Nc7 6. e6 f6 7. exd7+ Bxd7 8. Qe2 Bg7 9. Nc3 e5 10. f4 Nc6 11. Nf3 Qe7 12. fxe5 fxe5 13. 0-0-0 0-0-0 14. Rhf1 Bg4 15. Ne4 Nd4 16. Bxd4 exd4 17. h3 d3 18. Bxd3 c4 0-1

[Event "BL2-Sued 0910"]
[Site "Germany"]
[Date "2010.01.24"]
[Round "5.4"]
[White "Riefner, Edwin"]
[Black "Dausch, Rene"]
[Result "1/2-1/2"]
[WhiteElo "2248"]
[BlackElo "2373"]
[PlyCount "51"]
[EventDate "2009.10.18"]
[EventType "team-tourn"]
[EventRounds "9"]
[EventCountry "GER"]
[SourceTitle "EXT 2011"]
[Source "ChessBase"]
[SourceDate "2010.11.26"]
[SourceVersion "1"]
[SourceVersionDate "2010.11.26"]
[SourceQuality "1"]
[WhiteTeam "Krumbach"]
[BlackTeam "Boeblingen"]
[WhiteTeamCountry "GER"]
[BlackTeamCountry "GER"]

1. e4 e5 2. Nf3 Nc6 3. Bb5 f5 4. Bxc6 dxc6 5. Nc3 Nf6 6. Qe2 fxe4 7. Nxe4 Bg4 8. h3 Bxf3 9. Qxf3 Qd5 10. d3 Bb4+ 11. Bd2 Bxd2+ 12. Nxd2 Qa5 13. Qe2 0-0 14. 0-0 Rae8 15. Nc4 Qd5 16. Ne3 Qd4 17. c3 Qh4 18. Rae1 e4 19. Nf5 Qf4 20. Ne3 Rf7 21. Ng4 Nxg4 22. Qxg4 Qxg4 23. hxg4 Rfe7 24. dxe4 Rxe4 25. Rxe4 Rxe4 26. f3 1/2-1/2

[Event "BL2-Sued 0910"]
[Site "Germany"]
[Date "2009.11.29"]
[Round "3.4"]
[White "Riefner, Edwin"]
[Black "Mandel, Andreas"]
[Result "0-1"]
[WhiteElo "2248"]
[BlackElo "2398"]
[PlyCount "78"]
[EventDate "2009.10.18"]
[EventType "team-tourn"]
[EventRounds "9"]
[EventCountry "GER"]
[SourceTitle "EXT 2011"]
[Source "ChessBase"]
[SourceDate "2010.11.26"]
[SourceVersion "1"]
[SourceVersionDate "2010.11.26"]
[SourceQuality "1"]
[WhiteTeam "Krumbach"]
[BlackTeam "Viernheim"]
[WhiteTeamCountry "GER"]
[BlackTeamCountry "GER"]

1. e4 c5 2. b3 d6 3. Bb2 Nf6 4. Bb5+ Nbd7 5. Nc3 e6 6. Nf3 Be7 7. 0-0 0-0 8. Re1 Qc7 9. Bf1 a6 10. a4 b6 11. g3 Bb7 12. Bg2 Rac8 13. Qe2 Rfd8 14. Nh4 Ne5 15. f4 Nc6 16. Nf3 Nd4 17. Qd1 e5 18. d3 Bc6 19. Qd2 b5 20. axb5 axb5 21. Nd1 Ra8 22. Nf2 g6 23. Nxd4 cxd4 24. c3 dxc3 25. Qxc3 Qb6 26. Kf1 b4 27. Qd2 Bb5 28. Bf3 Rxa1 29. Rxa1 exf4 30. Qxf4 Nd7 31. Ng4 Bxd3+ 32. Kg2 f6 33. Bxf6 Bxf6 34. Nxf6+ Nxf6 35. Qxf6 Rf8 36. Qg5 Qd4 37. Re1 Qb2+ 38. Kh3 Rxf3 39. Rc1 Qe5 0-1

[Event "BL2-Sued 0910"]
[Site "Germany"]
[Date "2009.11.03"]
[Round "2.3"]
[White "Riefner, Edwin"]
[Black "Strohhaeker, Raoul"]
[Result "1/2-1/2"]
[WhiteElo "2248"]
[BlackElo "2443"]
[PlyCount "83"]
[EventDate "2009.10.18"]
[EventType "team-tourn"]
[EventRounds "9"]
[EventCountry "GER"]
[SourceTitle "EXT 2011"]
[Source "ChessBase"]
[SourceDate "2010.11.26"]
[SourceVersion "1"]
[SourceVersionDate "2010.11.26"]
[SourceQuality "1"]
[WhiteTeam "Krumbach"]
[BlackTeam "Baden-Baden II"]
[WhiteTeamCountry "GER"]
[BlackTeamCountry "GER"]

1. e4 c5 2. b3 Nf6 3. e5 Nd5 4. Bb2 g6 5. e6 f6 6. exd7+ Qxd7 7. Nf3 e5 8. Nc3 Nxc3 9. Bxc3 Nc6 10. Bc4 a6 11. 0-0 b5 12. Bd3 Bg7 13. Qe2 0-0 14. a4 b4 15. Bb2 Bb7 16. Be4 Kh8 17. Rad1 Rfe8 18. Rfe1 f5 19. Bxc6 Qxc6 20. d3 h6 21. Qf1 Qd5 22. Nd2 Re6 23. Nc4 Rae8 24. Rd2 Qd7 25. Rde2 e4 26. Bxg7+ Qxg7 27. dxe4 Rxe4 28. Nd6 Rxe2 29. Rxe2 Rxe2 30. Qxe2 Qa1+ 31. Qf1 Qxf1+ 32. Kxf1 Bd5 33. f4 Kg7 34. g3 Kf6 35. Ke2 Ke6 36. Nc4 Be4 37. Kd2 g5 38. Ne3 g4 39. Kd1 Kd6 40. Kd2 Ke6 41. Kd1 Kd6 42. Kd2 1/2-1/2

[Event "Oberliga Bayern 0809"]
[Site "Bayern"]
[Date "2009.03.29"]
[Round "9.4"]
[White "Maurer, Jochen"]
[Black "Riefner, Edwin"]
[Result "1-0"]
[WhiteElo "2164"]
[BlackElo "2234"]
[PlyCount "113"]
[EventDate "2008.10.05"]
[EventType "team-tourn"]
[EventRounds "9"]
[EventCountry "GER"]
[SourceTitle "EXT 2020"]
[Source "ChessBase"]
[SourceDate "2019.10.17"]
[SourceVersion "1"]
[SourceVersionDate "2019.10.17"]
[SourceQuality "1"]
[WhiteTeam "Pang/Rosenheim"]
[BlackTeam "Krumbach"]
[WhiteTeamCountry "GER"]
[BlackTeamCountry "GER"]

1. e4 e6 2. d4 d5 3. e5 c5 4. c3 Nc6 5. Nf3 Qb6 6. a3 c4 7. Nbd2 Na5 8. g3 Bd7 9. h4 Ne7 10. Bh3 h6 11. 0-0 0-0-0 12. h5 Kb8 13. Nh4 Rg8 14. Ng2 Nc8 15. Re1 Qc7 16. f4 g6 17. Kh2 Nb6 18. Ne3 Ba4 19. Qf3 Qe7 20. hxg6 fxg6 21. Qg4 Bd7 22. Rb1 h5 23. Qh4 Qxh4 24. gxh4 Bh6 25. Ng2 Rde8 26. Nf3 Ba4 27. f5 Bxc1 28. f6 Bh6 29. f7 Bc2 30. Bxe6 Rgf8 31. fxe8Q+ Rxe8 32. Bf7 Re7 33. e6 Bxb1 34. Rxb1 Nc6 35. Re1 Nd8 36. Ne5 Nxe6 37. Bxe6 Rxe6 38. Nd7+ Nxd7 39. Rxe6 Bc1 40. Ne3 Nb6 41. Nd1 g5 42. Kg3 Kc7 43. hxg5 Bxg5 44. Re5 h4+ 45. Kg4 Bd8 46. Re6 Kd7 47. Rh6 Na4 48. Kf5 Nb6 49. Ne3 a6 50. Rh8 Bc7 51. Rxh4 Bd6 52. Rh7+ Kc6 53. Ke6 Bf4 54. Nf5 Bg5 55. Rg7 Bd8 56. Rg8 Kc7 57. Ne3 1-0

[Event "Oberliga Bayern 0809"]
[Site "Bayern"]
[Date "2008.12.14"]
[Round "4.4"]
[White "Graef, Harald"]
[Black "Riefner, Edwin"]
[Result "1-0"]
[WhiteElo "2181"]
[BlackElo "2234"]
[PlyCount "79"]
[EventDate "2008.10.05"]
[EventType "team-tourn"]
[EventRounds "9"]
[EventCountry "GER"]
[SourceTitle "EXT 2020"]
[Source "ChessBase"]
[SourceDate "2019.10.17"]
[SourceVersion "1"]
[SourceVersionDate "2019.10.17"]
[SourceQuality "1"]
[WhiteTeam "Wuerzburg"]
[BlackTeam "Krumbach"]
[WhiteTeamCountry "GER"]
[BlackTeamCountry "GER"]

1. e4 e6 2. d4 d5 3. Nc3 Bb4 4. e5 c5 5. Qg4 Ne7 6. dxc5 Bxc3+ 7. bxc3 Qc7 8. Qxg7 Rg8 9. Qxh7 Qxe5+ 10. Ne2 Nd7 11. Bf4 Qf6 12. Bd6 Qf5 13. Qxf5 Nxf5 14. Nd4 Nxd6 15. cxd6 Ne5 16. f4 Nc6 17. Kf2 Kd7 18. Rd1 Kxd6 19. c4 Nxd4 20. Rxd4 b6 21. cxd5 exd5 22. Be2 Bb7 23. Bf3 Rac8 24. c4 Rc5 25. Rhd1 Rgc8 26. Bxd5 Bxd5 27. Rxd5+ Rxd5 28. Rxd5+ Ke6 29. Rd4 f5 30. h3 Rc5 31. Ke3 Ra5 32. Rd2 Ra4 33. Rc2 Kd6 34. Kd4 b5 35. g4 bxc4 36. gxf5 Ra3 37. h4 Rd3+ 38. Ke4 Kc5 39. f6 Rd8 40. Kf5 1-0

[Event "Landesliga Sued 0708"]
[Site "Bayern"]
[Date "2007.11.04"]
[Round "2.3"]
[White "Schamberger, Alfons"]
[Black "Riefner, Edwin"]
[Result "1-0"]
[WhiteElo "2158"]
[BlackElo "2230"]
[PlyCount "113"]
[EventDate "2007.10.21"]
[EventType "team-tourn"]
[EventRounds "9"]
[EventCountry "GER"]
[SourceTitle "EXT 2009"]
[Source "ChessBase"]
[SourceDate "2008.11.26"]
[SourceVersion "1"]
[SourceVersionDate "2008.11.26"]
[SourceQuality "1"]
[WhiteTeam "Sendling"]
[BlackTeam "Krumbach"]
[WhiteTeamCountry "GER"]
[BlackTeamCountry "GER"]

1. Nf3 Nf6 2. d3 d5 3. c3 g6 4. g3 Bg7 5. Bg2 0-0 6. 0-0 Nbd7 7. Nbd2 e5 8. Qc2 Qe7 9. e4 dxe4 10. dxe4 b6 11. Re1 Bb7 12. Nc4 Rfd8 13. b3 h6 14. a4 a5 15. Ba3 Qe6 16. Rad1 Ne8 17. h3 Ba6 18. Bf1 Bf8 19. Bxf8 Kxf8 20. Kh2 Qf6 21. Kg2 Bxc4 22. Bxc4 Nc5 23. Nh2 h5 24. Nf1 c6 25. b4 axb4 26. cxb4 Nxa4 27. Rxd8 Rxd8 28. Qxa4 b5 29. Bxb5 cxb5 30. Qxb5 Rd4 31. Ne3 Qd6 32. Nd5 Nf6 33. Nxf6 Qxf6 34. Rc1 Rd2 35. Qc5+ Kg7 36. Rc2 Rd3 37. Kh2 Rb3 38. b5 Qf3 39. Qxe5+ Kh7 40. Qf4 Qxf4 41. gxf4 Rxb5 42. Rc7 Kg8 43. Kg3 Rb2 44. Rc5 Kg7 45. f5 g5 46. e5 Re2 47. Ra5 Re4 48. Rb5 Rf4 49. e6 h4+ 50. Kg2 fxe6 51. fxe6 Kg6 52. Re5 Rf8 53. e7 Re8 54. Kf3 Kf6 55. Ke4 Kf7 56. f3 Kf6 57. Kd5 1-0

[Event "Oberliga Bayern 0607"]
[Site "Bayern"]
[Date "2007.04.22"]
[Round "9.4"]
[White "Tran, Phat"]
[Black "Riefner, Edwin"]
[Result "0-1"]
[WhiteElo "2271"]
[BlackElo "2200"]
[PlyCount "60"]
[EventDate "2006.10.15"]
[EventType "team-tourn"]
[EventRounds "9"]
[EventCountry "GER"]
[SourceTitle "EXT 2008"]
[Source "ChessBase"]
[SourceDate "2007.11.25"]
[SourceVersion "1"]
[SourceVersionDate "2007.11.25"]
[SourceQuality "1"]
[WhiteTeam "Nuernberg NT"]
[BlackTeam "Krumbach"]
[WhiteTeamCountry "GER"]
[BlackTeamCountry "GER"]

1. e4 e6 2. d4 d5 3. Nd2 Nf6 4. Bd3 dxe4 5. Nxe4 Nxe4 6. Bxe4 Nd7 7. Ne2 Nf6 8. Bf3 c5 9. 0-0 Qb6 10. c4 Bd7 11. b3 cxd4 12. Qxd4 Bc5 13. Qh4 Bc6 14. Bxc6+ Qxc6 15. Bh6 gxh6 16. Qxf6 Rg8 17. g3 Be7 18. Qxh6 0-0-0 19. Rad1 Bc5 20. Qf4 f5 21. Nd4 Rxd4 22. Rxd4 Rg4 23. Qxg4 fxg4 24. Rxg4 e5 25. Rg5 Bd4 26. Rf5 Qe4 27. Rf7 h5 28. h3 Kd8 29. Rg7 Qf3 30. Kh2 Bxf2 0-1

[Event "Oberliga Bayern 0506"]
[Site "Bayern"]
[Date "2006.01.29"]
[Round "6.4"]
[White "Kaunzinger, Albert"]
[Black "Riefner, Edwin"]
[Result "1-0"]
[WhiteElo "2158"]
[BlackElo "2206"]
[PlyCount "75"]
[EventDate "2005.10.23"]
[EventType "team-tourn"]
[EventRounds "9"]
[EventCountry "GER"]
[SourceTitle "EXT 2007"]
[Source "ChessBase"]
[SourceDate "2006.11.23"]
[SourceVersion "1"]
[SourceVersionDate "2006.11.23"]
[SourceQuality "1"]
[WhiteTeam "Groebenzell"]
[BlackTeam "Krumbach"]
[WhiteTeamCountry "GER"]
[BlackTeamCountry "GER"]

1. d4 Nf6 2. c3 d5 3. Bf4 Nbd7 4. e3 c5 5. h3 Qb6 6. Qb3 c4 7. Qc2 Qc6 8. Nd2 e6 9. g4 Bd6 10. Bxd6 Qxd6 11. f4 b5 12. Ngf3 Bb7 13. Bg2 Nb6 14. Ne5 Nfd7 15. 0-0 f6 16. Nxd7 Qxd7 17. e4 0-0 18. Rae1 Rad8 19. exd5 exd5 20. Rf2 Rde8 21. Rfe2 Rxe2 22. Rxe2 Re8 23. Nf1 Rxe2 24. Qxe2 Kf8 25. Ne3 Qe7 26. Qf2 g6 27. h4 b4 28. f5 bxc3 29. bxc3 g5 30. hxg5 fxg5 31. Qg3 Bc6 32. Kf2 Kg7 33. Qb8 h6 34. a4 Nxa4 35. Nxd5 Bxd5 36. Bxd5 Kf6 37. Qg8 Qc7 38. Qf8+ 1-0

[Event "Oberliga Bayern 0506"]
[Site "Bayern"]
[Date "2005.12.11"]
[Round "4.4"]
[White "Strube, Frank"]
[Black "Riefner, Edwin"]
[Result "1/2-1/2"]
[WhiteElo "2149"]
[BlackElo "2206"]
[PlyCount "63"]
[EventDate "2005.10.23"]
[EventType "team-tourn"]
[EventRounds "9"]
[EventCountry "GER"]
[SourceTitle "EXT 2007"]
[Source "ChessBase"]
[SourceDate "2006.11.23"]
[SourceVersion "1"]
[SourceVersionDate "2006.11.23"]
[SourceQuality "1"]
[WhiteTeam "Zirndorf"]
[BlackTeam "Krumbach"]
[WhiteTeamCountry "GER"]
[BlackTeamCountry "GER"]

1. Nf3 Nf6 2. g3 g6 3. Bg2 Bg7 4. 0-0 0-0 5. d4 d5 6. c4 c6 7. cxd5 cxd5 8. Ne5 Ng4 9. Nxg4 Bxg4 10. Nc3 Nc6 11. h3 Be6 12. e4 Nxd4 13. exd5 Bf5 14. Bg5 h6 15. Bxh6 Bxh6 16. Qxd4 Bg7 17. Qe3 Re8 18. a3 Qa5 19. Rac1 Rac8 20. Rfd1 Bd7 21. Rd2 Rc7 22. Ne2 Rxc1+ 23. Nxc1 Qb6 24. Qxb6 axb6 25. Ne2 Be5 26. f4 Bd6 27. Nc3 f5 28. Bf1 Rc8 29. Bb5 Rxc3 30. Bxd7 Rxg3+ 31. Rg2 Bxf4 32. Rxg3 1/2-1/2

[Event "Oberliga Bayern 0506"]
[Site "Bayern"]
[Date "2005.10.23"]
[Round "1.3"]
[White "Koepke, Christian"]
[Black "Riefner, Edwin"]
[Result "1/2-1/2"]
[WhiteElo "2224"]
[BlackElo "2206"]
[PlyCount "42"]
[EventDate "2005.10.23"]
[EventType "team-tourn"]
[EventRounds "9"]
[EventCountry "GER"]
[SourceTitle "EXT 2007"]
[Source "ChessBase"]
[SourceDate "2006.11.23"]
[SourceVersion "1"]
[SourceVersionDate "2006.11.23"]
[SourceQuality "1"]
[WhiteTeam "Muenchen Tarrasch"]
[BlackTeam "Krumbach"]
[WhiteTeamCountry "GER"]
[BlackTeamCountry "GER"]

1. e4 e6 2. d4 d5 3. Nc3 Bb4 4. Nge2 dxe4 5. a3 Be7 6. Nxe4 Nc6 7. Bf4 Nf6 8. Qd3 0-0 9. 0-0-0 e5 10. dxe5 Qxd3 11. cxd3 Nxe4 12. dxe4 Bc5 13. f3 Be6 14. Nc3 Bd4 15. Bb5 Bxe5 16. Bxe5 Nxe5 17. Rd4 a6 18. Ba4 c5 19. Rd6 Nc4 20. Rd3 Ne5 21. Rd6 Nc4 1/2-1/2

[Event "Oberliga Bayern 0405"]
[Site "Bayern"]
[Date "2005.01.16"]
[Round "5.5"]
[White "Riefner, Edwin"]
[Black "Stehno, Pavel"]
[Result "1-0"]
[WhiteElo "2174"]
[BlackElo "2316"]
[PlyCount "107"]
[EventDate "2004.10.24"]
[EventType "team-tourn"]
[EventRounds "9"]
[EventCountry "GER"]
[SourceTitle "EXT 2020"]
[Source "ChessBase"]
[SourceDate "2019.10.17"]
[SourceVersion "1"]
[SourceVersionDate "2019.10.17"]
[SourceQuality "1"]
[WhiteTeam "Krumbach"]
[BlackTeam "Bamberg SC"]
[WhiteTeamCountry "GER"]
[BlackTeamCountry "GER"]

1. e4 c5 2. b3 Nc6 3. Bb2 d6 4. Bb5 Bd7 5. f4 Nf6 6. Qe2 a6 7. Bxc6 Bxc6 8. Nc3 e6 9. Nf3 Be7 10. e5 dxe5 11. Nxe5 Rc8 12. Nxc6 Rxc6 13. Ne4 Nxe4 14. Qxe4 Bf6 15. 0-0-0 Bxb2+ 16. Kxb2 0-0 17. Rhe1 c4 18. Re3 Qd6 19. Qe5 Qd7 20. Rc3 Rfc8 21. Rg3 g6 22. c3 Rb6 23. d4 Qa4 24. d5 cxb3 25. a3 exd5 26. Qxd5 Re8 27. Rd2 Rb5 28. Qd7 Qe4 29. Rgd3 Rf8 30. g3 Rb6 31. Qd4 Qe6 32. Re3 Qc6 33. Re5 Qc7 34. f5 Rc6 35. fxg6 fxg6 36. Qe3 Rcf6 37. Re7 Qc8 38. Rdd7 Rf2+ 39. Kxb3 R2f7 40. Qe6 Qc6 41. Qxc6 bxc6 42. Rxf7 Rxf7 43. Rxf7 Kxf7 44. Kc4 Ke6 45. Kc5 Kf5 46. Kxc6 Kg4 47. c4 Kh3 48. c5 Kxh2 49. Kb6 Kxg3 50. c6 h5 51. c7 g5 52. c8Q g4 53. Qc3+ Kg2 54. Qh8 1-0

[Event "Oberliga Bayern 0405"]
[Site "Bayern"]
[Date "2004.10.24"]
[Round "1.5"]
[White "Riefner, Edwin"]
[Black "Koepke, Elena"]
[Result "1/2-1/2"]
[WhiteElo "2174"]
[BlackElo "2212"]
[PlyCount "92"]
[EventDate "2004.10.24"]
[EventType "team-tourn"]
[EventRounds "9"]
[EventCountry "GER"]
[SourceTitle "EXT 2020"]
[Source "ChessBase"]
[SourceDate "2019.10.17"]
[SourceVersion "1"]
[SourceVersionDate "2019.10.17"]
[SourceQuality "1"]
[WhiteTeam "Krumbach"]
[BlackTeam "Muenchen Tarrasch"]
[WhiteTeamCountry "GER"]
[BlackTeamCountry "GER"]

1. e4 e5 2. Nf3 Nf6 3. Nxe5 d6 4. Nf3 Nxe4 5. Qe2 Qe7 6. d3 Nf6 7. Bg5 Nbd7 8. Nc3 Qxe2+ 9. Bxe2 h6 10. Bh4 g5 11. Bg3 Nb6 12. 0-0-0 Bd7 13. d4 0-0-0 14. Nd2 Bg7 15. Nc4 Rde8 16. Nxb6+ axb6 17. Rhe1 Re7 18. Bc4 Rhe8 19. Rxe7 Rxe7 20. f3 Kd8 21. Re1 Nh5 22. Rxe7 Kxe7 23. Nd5+ Kd8 24. c3 Nxg3 25. hxg3 b5 26. Bd3 c6 27. Ne3 h5 28. Kd2 b4 29. Nf5 bxc3+ 30. bxc3 Bf8 31. g4 hxg4 32. fxg4 Kc7 33. c4 Kb6 34. Kc3 Ka5 35. Kb3 Be6 36. Be4 Bd7 37. Bd3 Be6 38. Be4 Bd7 39. Bd3 b6 40. Be2 Bc8 41. Bf3 Bb7 42. Be4 b5 43. d5 bxc4+ 44. Kxc4 c5 45. Kb3 Ba6 46. Ne3 Bg7 1/2-1/2

[Event "Oberliga Bayern 0304"]
[Site "Bayern"]
[Date "2004.03.28"]
[Round "8.6"]
[White "Riefner, Edwin"]
[Black "Heimrath, Wolfgang"]
[Result "1/2-1/2"]
[WhiteElo "2184"]
[BlackElo "2107"]
[PlyCount "38"]
[EventDate "2003.10.12"]
[EventType "team-tourn"]
[EventRounds "9"]
[EventCountry "GER"]
[SourceTitle "EXT 2006"]
[Source "ChessBase"]
[SourceDate "2005.11.24"]
[SourceVersion "1"]
[SourceVersionDate "2005.11.24"]
[SourceQuality "1"]
[WhiteTeam "Krumbach"]
[BlackTeam "Zirndorf"]
[WhiteTeamCountry "GER"]
[BlackTeamCountry "GER"]

1. e4 e5 2. Nf3 Nc6 3. Bb5 f5 4. d3 fxe4 5. dxe4 Bc5 6. 0-0 Nf6 7. Nc3 d6 8. Be3 Bb6 9. Bxb6 axb6 10. Ne1 0-0 11. Bxc6 bxc6 12. Nd3 Qe8 13. f4 exf4 14. Rxf4 c5 15. Qd2 Qh5 16. Re1 Bb7 17. Rf5 Qh4 18. Qf4 Qxf4 19. Rxf4 Rae8 1/2-1/2

[Event "Oberliga Bayern 0304"]
[Site "Bayern"]
[Date "2003.12.14"]
[Round "4.5"]
[White "Lutz, Dieter"]
[Black "Riefner, Edwin"]
[Result "1-0"]
[WhiteElo "2120"]
[BlackElo "2184"]
[PlyCount "73"]
[EventDate "2003.10.12"]
[EventType "team-tourn"]
[EventRounds "9"]
[EventCountry "GER"]
[SourceTitle "EXT 2006"]
[Source "ChessBase"]
[SourceDate "2005.11.24"]
[SourceVersion "1"]
[SourceVersionDate "2005.11.24"]
[SourceQuality "1"]
[WhiteTeam "Nuernberg NT"]
[BlackTeam "Krumbach"]
[WhiteTeamCountry "GER"]
[BlackTeamCountry "GER"]

1. e4 e6 2. d4 d5 3. Nd2 Nf6 4. e5 Nfd7 5. c3 c5 6. Bd3 Nc6 7. Ne2 cxd4 8. cxd4 f6 9. exf6 Nxf6 10. Nf3 Bd6 11. 0-0 0-0 12. Bf4 Bxf4 13. Nxf4 Ne4 14. Qc1 Qf6 15. Ne2 Nd6 16. Qc5 Nf5 17. Bxf5 Qxf5 18. Ng3 Qg4 19. h3 Qg6 20. b4 Rxf3 21. gxf3 Qf6 22. Rad1 e5 23. dxe5 Nxe5 24. f4 Nf3+ 25. Kh1 Be6 26. Qe3 Nh4 27. Qe5 Qf7 28. f5 Nxf5 29. Rfe1 Nxg3+ 30. fxg3 Re8 31. Kg1 h6 32. Qd6 Qf3 33. Rd2 Qc3 34. Rde2 Qd4+ 35. Kh1 Kh7 36. Rxe6 Rxe6 37. Qxe6 1-0

[Event "BL2-Sued 0203"]
[Site "Germany"]
[Date "2003.02.09"]
[Round "6.4"]
[White "Wegerle, Joerg"]
[Black "Riefner, Edwin"]
[Result "1/2-1/2"]
[WhiteElo "2365"]
[BlackElo "2226"]
[PlyCount "84"]
[EventDate "2002.10.20"]
[EventType "team-tourn"]
[EventRounds "9"]
[EventCountry "GER"]
[SourceTitle "EXT 2004"]
[Source "ChessBase"]
[SourceDate "2003.11.25"]
[SourceVersion "1"]
[SourceVersionDate "2003.11.25"]
[SourceQuality "1"]
[WhiteTeam "Viernheim"]
[BlackTeam "Krumbach"]
[WhiteTeamCountry "GER"]
[BlackTeamCountry "GER"]

1. e4 e6 2. d4 d5 3. Nc3 Bb4 4. e5 c5 5. a3 Bxc3+ 6. bxc3 Ne7 7. Qg4 0-0 8. Bd3 f5 9. exf6 Rxf6 10. Bg5 Rf7 11. Qh5 g6 12. Qd1 Nbc6 13. Nf3 Qf8 14. 0-0 c4 15. Be2 h6 16. Bd2 Nf5 17. Qc1 Kh7 18. Ne5 Nxe5 19. dxe5 Bd7 20. g4 Nh4 21. f4 Bc6 22. Be3 d4 23. cxd4 b5 24. Rf2 Qd8 25. h3 Qd5 26. Kh2 g5 27. Qg1 Raf8 28. Raf1 gxf4 29. Rxf4 Rxf4 30. Rxf4 Rxf4 31. Bxf4 Nf3+ 32. Bxf3 Qxf3 33. Be3 c3 34. Qf2 Qxf2+ 35. Bxf2 a5 36. d5 Bxd5 37. Bb6 b4 38. axb4 axb4 39. Ba5 b3 40. cxb3 c2 41. Bd2 Bxb3 42. h4 Bc4 1/2-1/2

[Event "BL2-Sued 0203"]
[Site "Germany"]
[Date "2003.01.13"]
[Round "4.4"]
[White "Birk, Steffen"]
[Black "Riefner, Edwin"]
[Result "1/2-1/2"]
[WhiteElo "2272"]
[BlackElo "2226"]
[PlyCount "69"]
[EventDate "2002.10.20"]
[EventType "team-tourn"]
[EventRounds "9"]
[EventCountry "GER"]
[SourceTitle "EXT 2004"]
[Source "ChessBase"]
[SourceDate "2003.11.25"]
[SourceVersion "1"]
[SourceVersionDate "2003.11.25"]
[SourceQuality "1"]
[WhiteTeam "Schmiden Cannstatt"]
[BlackTeam "Krumbach"]
[WhiteTeamCountry "GER"]
[BlackTeamCountry "GER"]

1. e4 e6 2. d4 d5 3. Nc3 Bb4 4. e5 c5 5. a3 Bxc3+ 6. bxc3 Ne7 7. Qg4 0-0 8. Bd3 f5 9. exf6 Rxf6 10. Bg5 Rf7 11. Qh5 g6 12. Qd1 Nbc6 13. Nf3 Qf8 14. 0-0 c4 15. Be2 h6 16. Bxe7 Qxe7 17. Re1 Bd7 18. Bf1 Raf8 19. Re3 Qf6 20. Qd2 g5 21. h3 Kh7 22. Be2 Rg7 23. Rf1 Qe7 24. Qc1 Qd6 25. Ne5 Nxe5 26. Rxe5 Rf5 27. Re3 Rgf7 28. Bg4 R5f6 29. Re5 b5 30. f3 Rf8 31. Rfe1 Rb8 32. R1e3 Rb6 33. Qe1 Qxa3 34. Bxe6 Bxe6 35. Rxe6 1/2-1/2

[Event "BL2-Sued 0203"]
[Site "Germany"]
[Date "2002.12.15"]
[Round "3.4"]
[White "Vogel, Robert"]
[Black "Riefner, Edwin"]
[Result "0-1"]
[WhiteElo "2310"]
[BlackElo "2226"]
[PlyCount "136"]
[EventDate "2002.10.20"]
[EventType "team-tourn"]
[EventRounds "9"]
[EventCountry "GER"]
[SourceTitle "EXT 2004"]
[Source "ChessBase"]
[SourceDate "2003.11.25"]
[SourceVersion "1"]
[SourceVersionDate "2003.11.25"]
[SourceQuality "1"]
[WhiteTeam "Pang/Rosenheim"]
[BlackTeam "Krumbach"]
[WhiteTeamCountry "GER"]
[BlackTeamCountry "GER"]

1. d4 Nf6 2. c4 g6 3. Nc3 d5 4. Nf3 Bg7 5. cxd5 Nxd5 6. e4 Nxc3 7. bxc3 c5 8. Rb1 0-0 9. Qd2 Nc6 10. Bb2 Re8 11. Be2 e6 12. 0-0 Qa5 13. Rfd1 Bd7 14. Ba1 Nd8 15. d5 Rb8 16. h4 b5 17. h5 exd5 18. exd5 Nb7 19. hxg6 hxg6 20. Qf4 Qb6 21. a4 Qd6 22. Qd2 bxa4 23. c4 Bxa1 24. Rxa1 Nd8 25. Bd3 Qf6 26. Qa5 Qb6 27. Qd2 Qf6 28. Qa5 Qb6 29. Qc3 Qb2 30. Qxb2 Rxb2 31. Rdb1 Rb4 32. Nd2 Nb7 33. Kf1 a5 34. Bc2 Nd6 35. Bd3 Kf8 36. Rc1 Rb2 37. Rc2 Rb4 38. Rcc1 Rb2 39. Rc2 Reb8 40. Ke1 Rxc2 41. Bxc2 Rb4 42. Bd3 Ke7 43. Kd1 Bf5 44. Ke2 Kf6 45. Bxf5 gxf5 46. Rc1 Rb2 47. Kd3 a3 48. Kc3 Ne4+ 49. Nxe4+ fxe4 50. Rc2 Rb1 51. Ra2 a4 52. Kc2 Rb4 53. Kc3 Rb3+ 54. Kc2 Ke5 55. Ra1 Rd3 56. f3 f5 57. fxe4 fxe4 58. g4 Rg3 59. g5 Rxg5 60. Rxa3 Kd4 61. Rxa4 Rg2+ 62. Kb3 Rg3+ 63. Kc2 Rd3 64. d6 Ke5 65. Ra5 Kxd6 66. Ra6+ Ke5 67. Rc6 Kd4 68. Re6 Rc3+ 0-1